[Event "Gif sur Yvette op 1st"]
[Site "Gif sur Yvette"]
[Date "2010.02.23"]
[Round "3"]
[White "Besancon, Marc"]
[Black "Shirazi, Kamran"]
[Result "0-1"]
[WhiteElo "1940"]
[BlackElo "2426"]
[PlyCount "112"]
[EventDate "2010.02.21"]
[EventType "swiss"]
[EventRounds "9"]
[EventCountry "FRA"]
[SourceTitle "EXT 2011"]
[Source "ChessBase"]
[SourceDate "2010.11.26"]
[SourceVersion "1"]
[SourceVersionDate "2010.11.26"]
[SourceQuality "1"]

1. d4 Nf6 2. Nf3 c5 3. c4 cxd4 4. Nxd4 d5 5. e3 e5 6. Nf3 Nc6 7. cxd5 Nxd5 8. a3 Be6 9. Be2 a5 10. 0-0 Be7 11. e4 Nf4 12. Qxd8+ Rxd8 13. Bb5 Nd3 14. h3 f6 15. Nc3 Bc5 16. Bxd3 Rxd3 17. Ne1 Rd7 18. Nc2 Nd4 19. Ne3 Nb3 20. Rb1 Kf7 21. Re1 Rhd8 22. Kh2 b6 23. f3 h5 24. Ned5 b5 25. Nxb5 Bxd5 26. exd5 Rxd5 27. Nc3 Rd3 28. f4 Bf2 29. Rf1 Bg3+ 30. Kh1 Nxc1 31. Rbxc1 Bxf4 32. Rcd1 Bd2 33. Ne2 h4 34. Rf3 Be3 35. Rxd3 Rxd3 36. Nc3 Ke6 37. g4 hxg3 38. Rxg3 f5 39. Rxg7 Bc1 40. Na4 Rxh3+ 41. Kg2 Rh4 42. Nc5+ Kf6 43. Ra7 Bxb2 44. Rxa5 Rg4+ 45. Kf1 e4 46. a4 Bd4 47. Ra6+ Ke5 48. Nb3 Be3 49. Ke2 Kf4 50. Rf6 Rg2+ 51. Kd1 Ke5 52. Rf8 f4 53. Na5 Rd2+ 54. Ke1 Rc2 55. Re8+ Kf5 56. Rf8+ Kg4 0-1